000
00317nam a22001337a 4500
020
_a
0-471-86397-1
082
_a
531.12 SAN'L
100
_a
SANDORI, PAUL
_9
39832
245
_a
THE LOGIC OF MACHINES AND STRUTURES
260
_a
NEWYORK
_b
JOHN WILEY
_c
1982
300
_a
180P
650
_a
STATICS
_9
1020
942
_c
BK
999
_c
579538
_d
579538